[Event "Bundesliga 2022-23"]
[Site "Viernheim GER"]
[Date "2023.02.26"]
[Round "9.8"]
[Board "5"]
[White "Buhmann, Rainer"]
[Black "Maiwald, Jens-Uwe"]
[Result "1/2-1/2"]
[WhiteTitle "GM"]
[BlackTitle "GM"]
[WhiteElo "2561"]
[BlackElo "2441"]
[WhiteTeam "SC Viernheim"]
[BlackTeam "USV TU Dresden"]
[WhiteFideId "4651340"]
[BlackFideId "4612396"]
[EventDate "2022.10.22"]

1. d4 Nf6 2. Nf3 g6 3. c4 Bg7 4. e3 c5 5. d5 O-O 6. Nc3 d6 7. Be2 e6 8. O-O Re8
9. e4 Na6 10. h3 exd5 11. exd5 Bf5 12. Bd3 Ne4 13. Nxe4 Bxe4 14. Bxe4 Rxe4 15.
Qc2 Re8 16. Bd2 Nb4 17. Qb3 a5 18. Qa4 Bxb2 19. Rab1 Bf6 20. a3 b5 21. Qxb5 Nc2
22. Qa4 Nd4 23. Nxd4 Bxd4 24. Rfe1 Rxe1+ 25. Rxe1 Qf6 26. Be3 Kg7 27. Qb5 Ra7
28. Bxd4 cxd4 29. Qb6 Ra8 30. c5 dxc5 31. Qxc5 d3 32. Qe3 Qc3 33. Rd1 Qxa3 34.
Qd4+ Kg8 35. d6 Qb4 36. Qxd3 Rd8 37. d7 Qe7 38. Qd4 f6 39. g3 Kf8 40. Qa4 Qe6
41. h4 Kf7 42. Rd4 Qe1+ 43. Kg2 Qe6 44. Qb5 Kg7 45. Qa4 Kf7 46. g4 Kg7 47. Qb5
Kf7 48. g5 f5 49. Kf1 Kg7 50. Rd3 Kf7 51. Rd4 Kg7 52. h5 gxh5 53. Qd3 Kg8 54.
Rd6 Qe4 55. Qb3+ Kg7 56. Qc3+ Kg8 57. Qb3+ Kg7 58. Qb2+ Kg8 59. Qa2+ Kg7 60.
Qa1+ Kg8 61. Qa2+ Kg7 62. Qb2+ 1/2-1/2

[Event "Bundesliga 2022-23"]
[Site "Viernheim GER"]
[Date "2023.02.26"]
[Round "9.8"]
[Board "6"]
[White "Moehn, Hans"]
[Black "Maze, Sebastien"]
[Result "1/2-1/2"]
[WhiteTitle "FM"]
[BlackTitle "GM"]
[WhiteElo "2363"]
[BlackElo "2530"]
[WhiteTeam "USV TU Dresden"]
[BlackTeam "SC Viernheim"]
[WhiteFideId "24647837"]
[BlackFideId "613762"]
[EventDate "2022.10.22"]

1. Nf3 Nf6 2. c4 g6 3. Nc3 Bg7 4. e4 d6 5. d4 O-O 6. h3 e5 7. dxe5 dxe5 8. Qxd8
Rxd8 9. Bg5 Na6 10. Nd5 Rd6 11. Bxf6 Bxf6 12. Nxf6+ Rxf6 13. Nxe5 Re6 14. Nf3
Rxe4+ 15. Kd2 Be6 16. Kc3 Rd8 17. b4 c5 18. b5 Nc7 19. Nd2 Rf4 20. f3 b6 21. Be2
Rfd4 22. Nb3 R4d6 23. Rhd1 Rxd1 24. Bxd1 Bf5 25. Be2 Ne6 26. a4 Nd4 27. Nxd4
Rxd4 28. a5 g5 29. axb6 axb6 30. Ra8+ Kg7 31. g4 Bg6 32. Rc8 Rd6 33. Rc6 Re6 34.
Rxe6 fxe6 35. Bd3 Bf7 36. Kd2 h6 37. Ke3 Kf6 38. Be4 Ke5 39. Bd3 h5 40. Be4 Kf6
41. Bd3 e5 42. Be2 Ke6 43. Bd3 Kd6 44. Be2 hxg4 45. hxg4 Bg6 1/2-1/2

[Event "Bundesliga 2022-23"]
[Site "Viernheim GER"]
[Date "2023.02.26"]
[Round "9.8"]
[Board "7"]
[White "Libiszewski, Fabien"]
[Black "Wong, Gengchun"]
[Result "1-0"]
[WhiteTitle "GM"]
[WhiteElo "2512"]
[BlackElo "2195"]
[WhiteTeam "SC Viernheim"]
[BlackTeam "USV TU Dresden"]
[WhiteFideId "616834"]
[BlackFideId "12963283"]
[EventDate "2022.10.22"]

1. e4 c5 2. Nf3 d6 3. d4 cxd4 4. Nxd4 Nf6 5. Nc3 a6 6. Be3 e6 7. g4 h6 8. Bg2
Nc6 9. f3 Be7 10. Qe2 Nxd4 11. Bxd4 e5 12. Be3 Be6 13. O-O-O Rc8 14. Qd2 b5 15.
h4 Qa5 16. a3 b4 17. Nd5 Bxd5 18. exd5 Qa4 19. Kb1 Nxd5 20. Qxd5 Qxc2+ 21. Ka2
Qxg2 22. axb4 O-O 23. g5 h5 24. f4 Qe2 25. Rd3 Rc2 26. Rb1 exf4 27. Bxf4 g6 28.
Bd2 Qg4 29. Re1 Bd8 30. Re4 Qg2 31. Bc3 Bb6 32. Kb3 Rf2 33. Re7 Qxd5+ 34. Rxd5
Rd8 35. Rxd6 1-0

[Event "Bundesliga 2022-23"]
[Site "Viernheim GER"]
[Date "2023.02.26"]
[Round "9.8"]
[Board "8"]
[White "Lutz, Ruben"]
[Black "Wagner, Dinara"]
[Result "0-1"]
[BlackTitle "WGM"]
[WhiteElo "2098"]
[BlackElo "2390"]
[WhiteTeam "USV TU Dresden"]
[BlackTeam "SC Viernheim"]
[WhiteFideId "12975974"]
[BlackFideId "24157570"]
[EventDate "2022.10.22"]

1. d4 Nf6 2. Nf3 d5 3. c4 e6 4. Nc3 Bb4 5. Bg5 h6 6. Bxf6 Qxf6 7. Qa4+ Nc6 8. e3
O-O 9. Be2 Bd7 10. Qb3 dxc4 11. Qxc4 Qe7 12. O-O Na5 13. Qd3 c5 14. Ne5 cxd4 15.
Qxd4 Rfd8 16. Qe4 Be8 17. Rfd1 Nc6 18. Bd3 f5 19. Nxc6 Bxc6 20. Qc4 Kh8 21. Ne2
Bd5 22. Qc2 Bd6 23. Nf4 Bxf4 24. exf4 Qb4 25. g3 Rac8 26. Qe2 Qb6 27. b3 Qc6 28.
Qe3 Bh1 29. Bf1 Rxd1 30. Rxd1 a6 31. h4 Bd5 32. Qd2 b5 33. Bd3 Bh1 34. Bf1 Be4
35. Qd4 Qc2 36. Qd7 Bd5 37. Rd3 Qc1 38. h5 Ra8 39. Qd6 Qc2 40. Qa3 a5 41. Qd6
Qxa2 42. Rxd5 exd5 43. Qxd5 Rf8 44. Qxb5 Qd2 45. Kg2 Qb4 46. Qxb4 axb4 47. Bc4
Rf6 48. Kf3 g6 49. hxg6 Rxg6 50. Ke3 Rd6 51. Bd3 Rd5 52. Bc4 Ra5 53. Kd4 Kg7 54.
Bd5 Kf6 55. Bc4 Ra2 56. Ke3 Rb2 57. Bg8 Ke7 58. Bc4 Kd6 59. Bf7 Rc2 60. Bg8 Kc5
61. Be6 Rc3+ 62. Ke2 Kd4 63. Kf1 Rc1+ 64. Kg2 Kc3 65. Kf3 Re1 66. Bf7 Re7 67.
Bc4 h5 68. Kg2 Re1 69. Bf7 Rb1 70. f3 Kd4 71. Kh3 Ke3 72. Kh4 Kxf3 73. Bxh5+ Ke4
74. Bf7 Rh1+ 75. Kg5 Rh3 76. g4 Rg3 77. Bh5 Rg1 78. Kf6 Rxg4 79. Bxg4 fxg4 0-1

[Event "Bundesliga 2022-23"]
[Site "Baden-Baden GER"]
[Date "2023.03.18"]
[Round "10.1"]
[Board "2"]
[White "Vallejo Pons, Francisco"]
[Black "Ragger, Markus"]
[Result "1/2-1/2"]
[WhiteTitle "GM"]
[BlackTitle "GM"]
[WhiteElo "2716"]
[BlackElo "2632"]
[WhiteTeam "OSG Baden-Baden"]
[BlackTeam "SG Solingen"]
[WhiteFideId "2205530"]
[BlackFideId "1610856"]
[EventDate "2022.10.22"]

1. Nf3 Nf6 2. g3 g6 3. b4 Bg7 4. Bb2 O-O 5. Bg2 d6 6. d3 c6 7. Nbd2 a5 8. a3 Na6
9. c4 Bd7 10. Rb1 axb4 11. axb4 Qc8 12. O-O Bh3 13. e4 Bxg2 14. Kxg2 c5 15. bxc5
dxc5 16. Qb3 Rd8 17. Rfd1 Qc6 18. Bxf6 Qxf6 19. e5 Qe6 20. Qxb7 Rab8 21. Qe4 Nb4
22. Rb3 Qf5 23. Rdb1 Rbc8 24. Qxf5 gxf5 25. d4 Nc6 26. d5 Nxe5 27. Re1 Ng6 28.
Rb5 Bc3 29. Re2 Rd6 30. Nb3 Bb4 31. Ne5 e6 32. Nc6 exd5 33. Nxb4 cxb4 34. c5 Re6
35. Rd2 f4 36. Rxd5 Re4 37. Rd4 Rxd4 38. Nxd4 fxg3 39. hxg3 Ne5 40. Nf5 Kf8 41.
Rxb4 Nd7 42. Ra4 Nxc5 43. Rh4 Rd8 44. Rxh7 Kg8 45. Rg7+ Kf8 46. Rg4 Rd5 47. Nh6
Ne6 48. Rg8+ Ke7 49. Ra8 Kf6 50. Ra7 Ng5 51. f4 Rd2+ 52. Kf1 Nf3 53. Ra6+ Kg7
54. Nf5+ Kh7 55. Ra3 Nh2+ 56. Ke1 Rb2 57. Ra7 Nf3+ 58. Kd1 Kg6 59. g4 Rg2 60.
Ne7+ Kh7 61. g5 Nxg5 62. fxg5 Rxg5 63. Ke2 Kg7 64. Kf3 Kf6 65. Nc6 Rd5 66. Ke4
Rd1 67. Nd4 Re1+ 68. Kf4 Rf1+ 69. Nf3 Rf2 70. Ra6+ Kg7 71. Kg4 Rg2+ 72. Kh5 Rf2
73. Nh4 Rf1 74. Rb6 Rh1 75. Rc6 Rf1 76. Rd6 Rh1 77. Rd4 Rf1 78. Rg4+ Kf6 79. Rg2
Rh1 80. Rf2+ Kg7 81. Kg5 Rg1+ 82. Ng2 Ra1 83. Ne3 Rg1+ 84. Kf5 Ra1 85. Rg2+ Kf8
86. Nd5 Rf1+ 87. Kg5 Ra1 88. Ne3 Ra6 89. Rb2 Rg6+ 90. Kf4 Ra6 91. Nf5 Kg8 92.
Kg5 Rg6+ 93. Kh5 Rf6 94. Kg5 Rg6+ 95. Kf4 Ra6 96. Rb1 Kh7 97. Rg1 Kh8 98. Rg2
Rb6 99. Ke5 Re6+ 100. Kd5 Rf6 101. Nd6 Kh7 102. Kc6 Kh6 103. Kd7 Kh7 104. Ne8
Ra6 105. Ke7 Kh6 106. Ng7 Rg6 107. Nf5+ Kh5 108. Rf2 Kg5 109. Nd6 Re6+ 110. Kd7
Re1 111. Nxf7+ Kg4 112. Kd6 Kg3 113. Rf6 Ra1 114. Ne5 Ra5 115. Rf5 Ra6+ 116. Kd5
Ra5+ 117. Ke4 Ra4+ 118. Ke3 Ra3+ 119. Nd3 Kg4 120. Rb5 Ra8 121. Nf2+ Kh4 122.
Ne4 Re8 123. Rf5 Kg4 124. Rg5+ Kh4 125. Rg1 Kh3 126. Rg6 Kh4 127. Kf4 Kh5 128.
Rf6 Rh8 129. Ng3+ Kh4 130. Rf5 Kh3 131. Kf3 Kh2 132. Ne2 Rh3+ 133. Kf2 Ra3 134.
Rf4 Rd3 135. Rg4 Kh3 136. Ra4 Rd2 137. Rc4 Rb2 138. Kf3 Rb3+ 139. Nc3 Ra3 140.
Kf2 Rb3 141. Nd1 Rb8 142. Rf4 Ra8 143. Kf3 Ra3+ 144. Ne3 Rd3 145. Ke2 Rd8 146.
Kf2 Rd2+ 147. Kf3 Rd3 148. Ra4 Rb3 149. Re4 Rd3 150. Kf4 Ra3 151. Re8 Ra4+ 152.
Kf3 Kh4 153. Re5 Ra3 154. Rb5 Rd3 155. Ra5 Rb3 156. Rc5 Ra3 157. Kf4 Ra4+ 158.
Nc4 Rb4 159. Rc7 Kh5 160. Kf5 Kh4 161. Kf4 Kh5 162. Rc6 1/2-1/2

[Event "Bundesliga 2022-23"]
[Site "Baden-Baden GER"]
[Date "2023.03.18"]
[Round "10.1"]
[Board "7"]
[White "Smeets, Jan"]
[Black "Kasimdzhanov, Rustam"]
[Result "1/2-1/2"]
[WhiteTitle "GM"]
[BlackTitle "GM"]
[WhiteElo "2552"]
[BlackElo "2670"]
[WhiteTeam "SG Solingen"]
[BlackTeam "OSG Baden-Baden"]
[WhiteFideId "1007246"]
[BlackFideId "14200244"]
[EventDate "2022.10.22"]

1. e4 e5 2. Nf3 Nc6 3. d4 exd4 4. Nxd4 Nf6 5. Nc3 Bb4 6. Nxc6 bxc6 7. Bd3 d5 8.
exd5 O-O 9. O-O Bg4 10. f3 Bh5 11. dxc6 Qd4+ 12. Kh1 Bxc3 13. bxc3 Qxc3 14. Rb1
Bg6 15. Bb5 Bxc2 16. Bd2 Qc5 17. Qc1 Rfb8 18. Rb2 Rxb5 19. Rxc2 Qf5 20. a4 Rd5
21. Bf4 Rc8 22. Re1 h6 23. Rc4 Qd3 24. h3 Rdd8 25. Be5 Re8 26. Rf4 Nh5 27. Rfe4
Re6 28. Qc5 Nf6 29. Bxf6 Rxf6 30. Qxa7 Rxc6 31. Qb7 Qa6 32. Re8+ Rxe8 33. Rxe8+
Kh7 34. Qb1+ Rg6 35. Re4 Qa5 36. Qc2 f5 37. Re7 c6 38. Kh2 Qd5 39. f4 Qd6 40.
Re5 Qa3 41. a5 Qg3+ 42. Kh1 c5 43. Rxc5 1/2-1/2

[Event "Bundesliga 2022-23"]
[Site "Baden-Baden GER"]
[Date "2023.03.18"]
[Round "10.1"]
[Board "8"]
[White "Naiditsch, Arkadij"]
[Black "Naumann, Alexander"]
[Result "1/2-1/2"]
[WhiteTitle "GM"]
[BlackTitle "GM"]
[WhiteElo "2667"]
[BlackElo "2513"]
[WhiteTeam "OSG Baden-Baden"]
[BlackTeam "SG Solingen"]
[WhiteFideId "4650891"]
[BlackFideId "4623169"]
[EventDate "2022.10.22"]

1. e4 e5 2. Nf3 Nc6 3. Bc4 Nf6 4. d3 d5 5. exd5 Nxd5 6. O-O Be7 7. Re1 f6 8. d4
Nb6 9. Bb5 O-O 10. Bxc6 bxc6 11. dxe5 Qxd1 12. Rxd1 Bg4 13. Nbd2 fxe5 14. Re1
Rae8 15. h3 Bf5 16. Nxe5 Bxc2 17. Ndf3 Bd6 18. Bd2 c5 19. b3 Bf5 20. Nc6 a6 21.
Bc3 Nd5 22. Be5 Bd7 23. Na5 Nf4 24. Bxf4 Rxf4 25. Rxe8+ Bxe8 26. Re1 Bf7 27. Nd2
Bd5 28. Ndc4 Kf7 29. Ne5+ Bxe5 30. Rxe5 Rd4 31. Re2 Rd1+ 32. Kh2 Rc1 33. Re5 c6
34. Kg3 Rc2 35. a3 Kf6 36. Re3 g5 37. f3 h5 38. h4 gxh4+ 39. Kxh4 Rxg2 40. Kxh5
Kf5 41. Kh6 Kf6 42. Kh5 Kf5 43. Kh6 Rg6+ 44. Kh5 Rg8 45. Kh6 Rg6+ 46. Kh5 Rf6
47. Re7 Kf4 48. Rh7 Bxf3+ 49. Kh4 Be4 50. Rh8 Rg6 51. Kh5 Bf5 52. Rf8 Rg7 53.
Rf6 Rh7+ 54. Rh6 Bg4+ 55. Kg6 Bf5+ 56. Kh5 Bg4+ 57. Kg6 Bf5+ 1/2-1/2

[Event "Bundesliga 2022-23"]
[Site "Baden-Baden GER"]
[Date "2023.03.18"]
[Round "10.2"]
[Board "1"]
[White "Navara, David"]
[Black "Bosiocic, Marin"]
[Result "1-0"]
[WhiteTitle "GM"]
[BlackTitle "GM"]
[WhiteElo "2676"]
[BlackElo "2548"]
[WhiteTeam "SV Muelheim Nord"]
[BlackTeam "TSV Schoenaich"]
[WhiteFideId "309095"]
[BlackFideId "14507927"]
[EventDate "2022.10.22"]

1. e4 c5 2. Nf3 Nc6 3. Bb5 g6 4. O-O Bg7 5. c3 Nf6 6. Re1 O-O 7. d4 d5 8. e5 Ne4
9. Be3 cxd4 10. cxd4 Qb6 11. Bxc6 Qxc6 12. Ng5 Bf5 13. Nxe4 dxe4 14. Nc3 Rfd8
15. Qb3 Be6 16. Qb4 Rd7 17. a4 f5 18. Rec1 a5 19. Qa3 b6 20. h4 Qb7 21. Ne2 Bd5
22. h5 e6 23. Bf4 Qa6 24. Qe3 Qd3 25. Rc3 Qxe3 26. fxe3 Bf8 27. Rac1 Be7 28. Rc7
Rad8 29. Bh6 gxh5 30. Nf4 Kf7 31. Nxd5 Rxd5 32. Rb7 R5d7 33. Rxb6 Rg8 34. Rcc6
Rg6 35. Bf4 h4 36. Kh2 h6 37. Kh3 Bd8 38. Ra6 Rd5 39. Ra7+ Ke8 40. Rc8 Rd7 41.
Rxa5 Kf7 42. Rac5 Bg5 43. R5c7 Ke7 44. Bxg5+ Rxg5 45. a5 Rxc7 46. Rxc7+ Kd8 47.
Rf7 Kc8 48. a6 Kb8 49. d5 1-0

[Event "Bundesliga 2022-23"]
[Site "Baden-Baden GER"]
[Date "2023.03.18"]
[Round "10.2"]
[Board "2"]
[White "Kadric, Denis"]
[Black "Fridman, Daniel"]
[Result "1-0"]
[WhiteTitle "GM"]
[BlackTitle "GM"]
[WhiteElo "2561"]
[BlackElo "2603"]
[WhiteTeam "TSV Schoenaich"]
[BlackTeam "SV Muelheim Nord"]
[WhiteFideId "14403803"]
[BlackFideId "11600454"]
[EventDate "2022.10.22"]

1. e4 c6 2. d4 d5 3. e5 c5 4. Nf3 cxd4 5. Qxd4 Nc6 6. Qf4 e6 7. Bd3 Nb4 8. Nc3
Nxd3+ 9. cxd3 Bd7 10. Bd2 Ne7 11. h4 Ng6 12. Qg3 h5 13. Ne2 Qb6 14. O-O Bb5 15.
Ng5 Ne7 16. Qf3 Nf5 17. Ng3 g6 18. Nxf5 gxf5 19. Nh3 d4 20. Bg5 Bc6 21. Qe2 Be7
22. Rac1 Bxg5 23. Nxg5 Qa5 24. b3 Rd8 25. Rfe1 Ke7 26. Nh3 Rhg8 27. f3 Rc8 28.
Nf4 Rh8 29. Qf2 Qb6 30. Rc4 Bb5 31. Rxc8 Rxc8 32. Qg3 Qd8 33. Qg7 Qg8 34. Qxg8
Rxg8 35. Rc1 Bc6 36. Kf2 f6 37. exf6+ Kxf6 38. Nxh5+ Ke5 39. g3 Kd6 40. Nf4 e5
41. Ne2 Bb5 42. Rd1 Kc5 43. a3 a5 44. Rd2 Re8 45. Rd1 Rg8 46. f4 e4 47. dxe4
Bxe2 48. Rc1+ Kd6 49. e5+ Kd5 50. Kxe2 Rxg3 51. Rh1 Rxb3 52. h5 Ke4 53. e6 d3+
54. Kd2 Rb2+ 55. Kc1 Rc2+ 56. Kd1 Ra2 57. e7 Kd4 58. e8=Q Ra1+ 59. Kd2 Ra2+ 60.
Kc1 1-0

[Event "Bundesliga 2022-23"]
[Site "Baden-Baden GER"]
[Date "2023.03.18"]
[Round "10.2"]
[Board "4"]
[White "Perunovic, Milos"]
[Black "Buckels, Valentin"]
[Result "1/2-1/2"]
[WhiteTitle "GM"]
[BlackTitle "IM"]
[WhiteElo "2542"]
[BlackElo "2456"]
[WhiteTeam "TSV Schoenaich"]
[BlackTeam "SV Muelheim Nord"]
[WhiteFideId "921629"]
[BlackFideId "12942766"]
[EventDate "2022.10.22"]

1. e4 e5 2. Nf3 Nc6 3. Bb5 a6 4. Ba4 Nf6 5. O-O Bc5 6. c3 O-O 7. d4 Ba7 8. Re1
d6 9. h3 Re8 10. Bxc6 bxc6 11. dxe5 dxe5 12. Qxd8 Rxd8 13. Nbd2 Nd7 14. Nc4 Re8
15. b4 c5 16. Be3 Bb7 17. Nfd2 Bc6 18. a4 Bb6 19. f3 Reb8 20. Nb3 cxb4 21. Nba5
Bb7 22. cxb4 Bd4 23. Bxd4 exd4 24. Red1 c5 25. Nd6 Bxe4 26. Nxe4 Rxb4 27. Rdc1
Rc8 28. Nc4 h6 29. a5 Rcb8 30. Ncd6 d3 31. Nc4 Rd8 32. Ra3 Nf6 33. Nxf6+ gxf6
34. Rac3 Rd4 35. Nd2 Rb2 36. Nb3 Ra4 37. Nxc5 Raa2 38. Nxd3 Rxg2+ 39. Kf1 Rh2
40. Kg1 Rhg2+ 41. Kf1 Rh2 42. Kg1 Rhg2+ 43. Kf1 1/2-1/2

[Event "Bundesliga 2022-23"]
[Site "Baden-Baden GER"]
[Date "2023.03.18"]
[Round "10.2"]
[Board "5"]
[White "Gungl, Theo"]
[Black "Krassowizkij, Jaroslaw"]
[Result "1/2-1/2"]
[WhiteTitle "IM"]
[BlackTitle "IM"]
[WhiteElo "2352"]
[BlackElo "2439"]
[WhiteTeam "SV Muelheim Nord"]
[BlackTeam "TSV Schoenaich"]
[WhiteFideId "24695653"]
[BlackFideId "1271703"]
[EventDate "2022.10.22"]

1. d4 d5 2. c4 e6 3. Nc3 Nf6 4. cxd5 Nxd5 5. e4 Nxc3 6. bxc3 c5 7. a3 cxd4 8.
cxd4 e5 9. Nf3 exd4 10. Qxd4 Qxd4 11. Nxd4 Bc5 12. Bb2 O-O 13. Bc4 Bd7 14. Rc1
Bb6 15. Bd5 Nc6 16. Nxc6 bxc6 17. Bxc6 Rad8 18. Ke2 Bxc6 19. Rxc6 Bxf2 20. Bxg7
Kxg7 21. Kxf2 Rd2+ 22. Ke3 Rfd8 23. Rc3 Rxg2 24. Rc7 Rdd2 1/2-1/2

[Event "Bundesliga 2022-23"]
[Site "Baden-Baden GER"]
[Date "2023.03.18"]
[Round "10.2"]
[Board "6"]
[White "Koelle, Tobias"]
[Black "Hausrath, Daniel"]
[Result "1/2-1/2"]
[WhiteTitle "FM"]
[BlackTitle "GM"]
[WhiteElo "2439"]
[BlackElo "2465"]
[WhiteTeam "TSV Schoenaich"]
[BlackTeam "SV Muelheim Nord"]
[WhiteFideId "16207378"]
[BlackFideId "4617495"]
[EventDate "2022.10.22"]

1. d4 d5 2. c4 e6 3. Nf3 Nf6 4. Nc3 Be7 5. Bf4 O-O 6. e3 c5 7. dxc5 Bxc5 8. a3
Nc6 9. Qc2 Re8 10. cxd5 exd5 11. Be2 Bg4 12. O-O Bd6 13. Bxd6 Qxd6 14. Rfd1 Rad8
15. h3 Bxf3 16. Bxf3 Qe5 17. Qb3 d4 18. Bxc6 bxc6 19. exd4 Rxd4 20. Rxd4 Qxd4
21. Rd1 Qc5 22. Qa4 h6 23. Qd4 Qe7 24. b4 a5 25. b5 cxb5 26. Nxb5 Qe2 27. Nc3 1/2-1/2

[Event "Bundesliga 2022-23"]
[Site "Baden-Baden GER"]
[Date "2023.03.18"]
[Round "10.2"]
[Board "7"]
[White "Feygin, Michael"]
[Black "Saric, Ante"]
[Result "1/2-1/2"]
[WhiteTitle "GM"]
[BlackTitle "GM"]
[WhiteElo "2454"]
[BlackElo "2510"]
[WhiteTeam "SV Muelheim Nord"]
[BlackTeam "TSV Schoenaich"]
[WhiteFideId "14103109"]
[BlackFideId "14506254"]
[EventDate "2022.10.22"]

1. e4 e6 2. Nc3 d5 3. Nf3 Nf6 4. e5 Nfd7 5. d4 c5 6. dxc5 Nc6 7. Bf4 Nxc5 8. Bd3
a6 9. Qd2 b5 10. O-O Be7 11. Ne2 f5 12. Ned4 Nxd4 13. Nxd4 Bd7 14. Kh1 O-O 15.
Be3 Qc7 16. f4 g6 17. Qe2 h5 18. h3 Kf7 19. g3 Rh8 20. Kg2 Rac8 21. Rh1 Qb7 22.
Rag1 Nxd3 23. cxd3 Bc5 24. Rc1 Bxd4 25. Bxd4 Rxc1 26. Rxc1 Rc8 27. Rxc8 Qxc8 28.
Qd2 b4 29. Kf3 Bb5 30. Ke2 Qc6 31. Kd1 Ke8 32. Qc2 1/2-1/2

[Event "Bundesliga 2022-23"]
[Site "Baden-Baden GER"]
[Date "2023.03.18"]
[Round "10.2"]
[Board "8"]
[White "Plenca, Jadranko"]
[Black "Dinstuhl, Volkmar"]
[Result "1-0"]
[WhiteTitle "IM"]
[BlackTitle "IM"]
[WhiteElo "2412"]
[BlackElo "2379"]
[WhiteTeam "TSV Schoenaich"]
[BlackTeam "SV Muelheim Nord"]
[WhiteFideId "14527146"]
[BlackFideId "4613562"]
[EventDate "2022.10.22"]

1. e4 d6 2. d4 Nf6 3. Nc3 g6 4. Be3 c6 5. Qd2 b5 6. Bd3 b4 7. Nce2 Qb6 8. Nf3
Nbd7 9. e5 Nd5 10. exd6 exd6 11. Bh6 Ba6 12. Bxa6 Qxa6 13. O-O Be7 14. a3 bxa3
15. Rxa3 Qb5 16. Re1 N7b6 17. b3 Qb4 18. Qc1 Nc8 19. c4 Nc7 20. Nf4 Kd7 21. Nd3
Qb7 22. Qf4 f6 23. Bg7 Ne6 24. Rxe6 1-0

[Event "Bundesliga 2022-23"]
[Site "Bremen GER"]
[Date "2023.03.18"]
[Round "10.3"]
[Board "1"]
[White "Kryvoruchko, Yuriy"]
[Black "Shevchenko, Kirill"]
[Result "0-1"]
[WhiteTitle "GM"]
[BlackTitle "GM"]
[WhiteElo "2658"]
[BlackElo "2645"]
[WhiteTeam "SC Viernheim"]
[BlackTeam "SV Werder Bremen"]
[WhiteFideId "14109182"]
[BlackFideId "14129574"]
[EventDate "2022.10.22"]

1. e4 e5 2. Nf3 Nc6 3. Bb5 a6 4. Ba4 Nf6 5. d3 d6 6. c4 g6 7. Nc3 Bg7 8. O-O O-O
9. Rb1 Rb8 10. b4 Nd4 11. Nxd4 exd4 12. Ne2 Nd7 13. Bf4 Qe7 14. Qd2 b5 15. cxb5
axb5 16. Bb3 c5 17. bxc5 Nxc5 18. Bg3 Bb7 19. f3 Rfd8 20. Rfd1 Rbc8 21. Bf2 d5
22. Bxd5 Bxd5 23. exd5 Rxd5 24. Rxb5 Ne4 25. Qb4 Qxb4 26. Rxb4 Nxf2 27. Kxf2 Rc2
28. f4 Rd8 29. Rc4 Rxa2 30. Rdc1 Rd2 31. Rc8 Rf8 32. Rxf8+ Kxf8 33. Rc8+ Ke7 34.
Rc7+ Ke8 35. Ra7 Bh6 36. Ra8+ Ke7 37. Ra7+ Kf6 38. Ra6+ Kf5 39. Ra7 f6 40. g3
Rxd3 41. Rxh7 Bf8 42. Rb7 Ke4 43. Rf7 Bc5 44. Rxf6 Ra3 45. Re6+ Kd5 46. Re5+ Kc4
47. Re4 Kd5 48. Re5+ Kd6 49. Re8 d3+ 50. Kg2 Bb6 0-1

[Event "Bundesliga 2022-23"]
[Site "Bremen GER"]
[Date "2023.03.18"]
[Round "10.3"]
[Board "2"]
[White "McShane, Luke J"]
[Black "Meier, Georg"]
[Result "1/2-1/2"]
[WhiteTitle "GM"]
[BlackTitle "GM"]
[WhiteElo "2653"]
[BlackElo "2613"]
[WhiteTeam "SV Werder Bremen"]
[BlackTeam "SC Viernheim"]
[WhiteFideId "404853"]
[BlackFideId "4675789"]
[EventDate "2022.10.22"]

1. e4 e6 2. d4 d5 3. Nd2 dxe4 4. Nxe4 Nd7 5. Nf3 Ngf6 6. Nxf6+ Nxf6 7. Be3 Bd6
8. Bd3 O-O 9. Qe2 b6 10. O-O-O Bb7 11. Rhe1 Nd5 12. Kb1 Nxe3 13. fxe3 Bxf3 14.
gxf3 Qh4 15. Rg1 c5 16. Rg4 Qh5 17. Rdg1 g6 18. f4 Kh8 19. Qf2 Be7 20. h4 f5 21.
R4g2 cxd4 22. exd4 Qxh4 23. Qxh4 Bxh4 24. Rh1 Bf6 25. Rxg6 Bxd4 26. Rxe6 Rf7 27.
a4 Raf8 28. Rh5 Bf2 29. Re5 Bg3 30. Rexf5 Rxf5 31. Bxf5 Rf7 32. Be6 Re7 33. f5
Be5 34. c3 Kg7 35. Rg5+ Kf6 36. Rg8 Rg7 37. Rh8 Kg5 38. Kc2 h5 39. b4 h4 40. c4
Bf6 41. Rg8 Rxg8 42. Bxg8 Be7 43. b5 Kxf5 44. Kd3 Bc5 45. Ke2 Kf4 46. Be6 Ke5
47. Bd5 Kd4 1/2-1/2

[Event "Bundesliga 2022-23"]
[Site "Bremen GER"]
[Date "2023.03.18"]
[Round "10.3"]
[Board "3"]
[White "Fedorchuk, Sergey A."]
[Black "Fressinet, Laurent"]
[Result "0-1"]
[WhiteTitle "GM"]
[BlackTitle "GM"]
[WhiteElo "2619"]
[BlackElo "2622"]
[WhiteTeam "SC Viernheim"]
[BlackTeam "SV Werder Bremen"]
[WhiteFideId "14102536"]
[BlackFideId "608742"]
[EventDate "2022.10.22"]

1. e4 e5 2. Nf3 Nc6 3. Bc4 Nf6 4. d3 Bc5 5. Nc3 a6 6. a4 d6 7. O-O O-O 8. Be3
Bxe3 9. fxe3 Be6 10. Nd2 Nb4 11. Rf2 c6 12. Bxe6 fxe6 13. d4 Qe7 14. a5 exd4 15.
exd4 e5 16. Nc4 exd4 17. Qxd4 d5 18. exd5 Nfxd5 19. Nxd5 cxd5 20. Rxf8+ Rxf8 21.
Ne3 Kh8 22. h3 Nc6 23. Nxd5 Qe2 24. Qc5 Rf5 25. c4 h6 26. b3 Kh7 27. Kh1 Qb2 28.
Re1 Qxb3 29. Qb6 Qxb6 30. axb6 Na5 31. g4 Rf7 32. c5 Nb3 33. c6 bxc6 34. Ne7 Nc5
35. Re5 Nd7 36. b7 Rf1+ 37. Kg2 Rb1 38. Ra5 Nb8 39. Nc8 0-1

[Event "Bundesliga 2022-23"]
[Site "Bremen GER"]
[Date "2023.03.18"]
[Round "10.3"]
[Board "4"]
[White "Areshchenko, Alexander"]
[Black "Wagner, Dennis"]
[Result "1/2-1/2"]
[WhiteTitle "GM"]
[BlackTitle "GM"]
[WhiteElo "2632"]
[BlackElo "2570"]
[WhiteTeam "SV Werder Bremen"]
[BlackTeam "SC Viernheim"]
[WhiteFideId "14109530"]
[BlackFideId "24650684"]
[EventDate "2022.10.22"]

1. d4 Nf6 2. c4 e6 3. Nf3 d5 4. Nc3 Be7 5. Bf4 O-O 6. e3 Nbd7 7. c5 Ne4 8. Rc1
c6 9. Nxe4 dxe4 10. Ne5 Nxe5 11. Bxe5 b6 12. Qc2 f6 13. Bd6 Bxd6 14. cxd6 Qxd6
15. Qxc6 Qxc6 16. Rxc6 Bb7 17. Rc3 Rfc8 18. Kd2 Kf7 19. Bc4 Ke7 20. h4 Kd6 21.
Rhc1 h6 22. g3 Rc7 23. Be2 Rac8 24. a3 Rc6 25. Bb5 R6c7 26. Be2 Rc6 27. Bb5 R6c7
28. Be2 1/2-1/2